[Event "70th ch-RUS HL 2017"]
[Site "Sochi RUS"]
[Date "2017.07.05"]
[Round "4.25"]
[White "Utnasunov, Alexander"]
[Black "Kozak, Alexander"]
[Result "1/2-1/2"]
[BlackTitle "FM"]
[WhiteElo "2444"]
[BlackElo "2303"]
[WhiteFideId "4134524"]
[BlackFideId "4135881"]
[EventDate "2017.07.02"]

1. e4 c5 2. Nf3 Nc6 3. Nc3 Nf6 4. d4 cxd4 5. Nxd4 e5 6. Ndb5 d6 7. Bg5 a6 8. Na3
b5 9. Nd5 Qa5+ 10. Bd2 Qd8 11. Bg5 Qa5+ 12. Bd2 Qd8 13. Bg5 Qa5+ 14. Bd2 Qd8 15.
Bg5 Qa5+ 16. Bd2 Qd8 17. Bg5 1/2-1/2

[Event "70th ch-RUS HL 2017"]
[Site "Sochi RUS"]
[Date "2017.07.05"]
[Round "4.26"]
[White "Faizrakhmanov, Ramil"]
[Black "Saveliev, Alexei"]
[Result "1/2-1/2"]
[WhiteTitle "FM"]
[WhiteElo "2414"]
[BlackElo "2403"]
[WhiteFideId "24103209"]
[BlackFideId "24128546"]
[EventDate "2017.07.02"]

1. d4 Nf6 2. c4 e6 3. Nf3 b6 4. a3 c5 5. d5 Ba6 6. Qb3 exd5 7. cxd5 g6 8. Nc3
Bg7 9. e4 Bxf1 10. Kxf1 d6 11. g3 O-O 12. Kg2 Nbd7 13. Bf4 Qe7 14. Rhe1 Ng4 15.
Qc2 a6 16. a4 Rfc8 17. Re2 c4 18. h3 Nge5 19. Nd4 Nd3 20. Be3 Nb4 21. Qd1 Nc5
22. f3 h5 23. h4 Qe8 24. Ra3 Ra7 25. Qd2 Nbd3 26. Nc6 Rb7 27. Bd4 f6 28. Nd1 b5
29. axb5 axb5 30. b4 cxb3 31. Nb2 Ne5 32. Bxe5 fxe5 33. Qb4 Ra8 34. Rxa8 Qxa8
35. Na5 Rc7 36. Nxb3 Nxb3 37. Qxb3 Qa1 38. Nd3 Rc3 39. Qxb5 Qa3 40. Ne1 Rb3 41.
Qc4 Rc3 42. Qa2 Qb4 43. Rb2 Qd4 44. Rd2 Qe3 45. Re2 Qd4 46. Qd2 Qc4 47. Re3 Rc1
48. Re2 Rc3 49. Qd1 Rc1 50. Qd3 Qb4 51. Qe3 Rc3 52. Qf2 Rb3 53. Rc2 Kh7 54. Qe2
Qa3 55. Ra2 Qb4 56. Nd3 Qc3 57. Nf2 Rb1 58. Qd2 Qc4 59. Qe2 Qc1 60. Kh3 Qg1 61.
g4 Re1 62. Qd3 Rf1 63. Qe2 Re1 64. Qd3 Rf1 65. Qe2 1/2-1/2

[Event "70th ch-RUS HL 2017"]
[Site "Sochi RUS"]
[Date "2017.07.05"]
[Round "4.27"]
[White "Sin, Denis"]
[Black "Musaev, Rasul"]
[Result "0-1"]
[WhiteTitle "FM"]
[BlackTitle "FM"]
[WhiteElo "2258"]
[BlackElo "2287"]
[WhiteFideId "34126683"]
[BlackFideId "24146870"]
[EventDate "2017.07.02"]

1. d4 Nf6 2. c4 e6 3. Nf3 d5 4. Nc3 dxc4 5. e3 a6 6. Bxc4 b5 7. Bd3 Bb7 8. O-O
c5 9. Qe2 Nbd7 10. Rd1 Qb8 11. a3 Bd6 12. h3 O-O 13. e4 cxd4 14. Nxd4 Bc5 15.
Bc2 Rd8 16. Nb3 Bb6 17. Be3 Qa7 18. Bf4 e5 19. Bg3 Rac8 20. Rac1 Qa8 21. Rd6 Bc7
22. Rdd1 Re8 23. Bh4 Re6 24. Nd5 Bd8 25. Nc3 Nf8 26. Bg3 Ng6 27. Rd2 Bb6 28.
Rcd1 Nf4 29. Bxf4 exf4 30. Nd4 Ree8 31. Nf5 Bc5 32. Qf3 Nxe4 33. Nxe4 Bxe4 34.
Qxf4 Bxc2 35. Rxc2 Bf8 36. Rxc8 Qxc8 37. Nd6 Qc7 38. Rd4 Re6 39. Nf5 Re1+ 40.
Kh2 Qxf4+ 41. Rxf4 g6 42. Ng3 Rb1 43. b4 Rb3 44. Rf3 Rxf3 45. gxf3 Bd6 46. Kg2
Be5 47. Ne4 f5 48. Nc5 Bd6 49. Nxa6 Kf7 50. f4 Ke6 51. Kf3 Kd5 52. Ke3 Kc4 53.
f3 Kb3 54. Nc5+ Kxa3 55. Nd3 Bxb4 56. Kd4 Kb3 57. Nc1+ Kc2 58. Ne2 Kd2 59. Ng3
Bc3+ 0-1

[Event "70th ch-RUS HL 2017"]
[Site "Sochi RUS"]
[Date "2017.07.06"]
[Round "5.1"]
[White "Matlakov, Maxim"]
[Black "Romanov, Evgeny"]
[Result "1/2-1/2"]
[WhiteTitle "GM"]
[BlackTitle "GM"]
[WhiteElo "2730"]
[BlackElo "2610"]
[WhiteFideId "4168003"]
[BlackFideId "4148843"]
[EventDate "2017.07.02"]

1. c4 e5 2. Nc3 Nf6 3. Nf3 Nc6 4. g3 Nd4 5. Bg2 Nxf3+ 6. Bxf3 Bb4 7. Qb3 Bc5 8.
O-O c6 9. Na4 Be7 10. d4 d6 11. Rd1 Qc7 12. Qd3 O-O 13. Nc3 Bh3 14. d5 c5 15.
Bg2 Qd7 16. Rb1 h5 17. b4 b6 18. bxc5 bxc5 19. Rb3 Nh7 20. Bxh3 Qxh3 21. Rb7
Rfe8 22. Bd2 h4 23. Qf3 hxg3 24. hxg3 f5 25. e4 f4 26. Qg2 Qh5 27. gxf4 exf4 28.
Bxf4 Rab8 29. Rxb8 Rxb8 30. Rd3 Rf8 31. Rh3 Bh4 32. Be3 Rf6 33. Kh1 Rg6 34. Qf3
Rg4 35. Bf4 Qg6 36. Bg3 Bf6 37. Nb5 Rxe4 38. Nxd6 Re1+ 39. Kh2 Qb1 40. Bf4 Ng5
41. Bxg5 Be5+ 42. Bf4 Bxf4+ 43. Qxf4 Rh1+ 44. Kg3 Rg1+ 45. Kh2 Rh1+ 46. Kg3 Rg1+
47. Kh2 Rh1+ 1/2-1/2

[Event "70th ch-RUS HL 2017"]
[Site "Sochi RUS"]
[Date "2017.07.06"]
[Round "5.2"]
[White "Najer, Evgeniy"]
[Black "Dreev, Aleksey"]
[Result "1/2-1/2"]
[WhiteTitle "GM"]
[BlackTitle "GM"]
[WhiteElo "2706"]
[BlackElo "2647"]
[WhiteFideId "4118987"]
[BlackFideId "4100107"]
[EventDate "2017.07.02"]

1. e4 c6 2. d4 d5 3. e5 Bf5 4. Nf3 e6 5. Be2 c5 6. O-O Nc6 7. c3 Bg6 8. a3 cxd4
9. cxd4 Nge7 10. Nc3 Nc8 11. Bd3 Bh5 12. Be3 Nb6 13. b3 Rc8 14. Nb1 a6 15. h3
Na5 16. g4 Bg6 17. Bxg6 hxg6 18. Kg2 Be7 19. Bd2 Nd7 20. Nc3 Nb8 21. Na4 Nd7 22.
h4 Nc6 23. Rh1 Nb6 24. Nb2 Nd7 25. Nd3 Qb6 26. Rh3 a5 27. Nf4 Nf8 28. Nd3 Nd7
29. Qb1 Qb5 30. Nf4 Nf8 31. Be3 Nd8 32. h5 gxh5 33. Nxh5 Rg8 34. Bd2 Ng6 35. Nf4
Rc3 36. Nxg6 Rxb3 37. Qc2 Rb2 38. Qc1 fxg6 39. a4 Qb3 40. Ne1 Qb6 41. Nd3 Rxd2
42. Qxd2 Qxd4 43. Qd1 Nc6 44. Rb1 Bb4 45. Qe2 Rf8 46. Re3 g5 47. Rd1 Qc4 48. Rc1
Qd4 49. Rd1 Qc4 50. Rc1 Qd4 1/2-1/2

[Event "70th ch-RUS HL 2017"]
[Site "Sochi RUS"]
[Date "2017.07.06"]
[Round "5.3"]
[White "Dubov, Daniil"]
[Black "Levin, Evgeny A."]
[Result "1/2-1/2"]
[WhiteTitle "GM"]
[BlackTitle "GM"]
[WhiteElo "2658"]
[BlackElo "2524"]
[WhiteFideId "24126055"]
[BlackFideId "4182596"]
[EventDate "2017.07.02"]

1. c4 Nf6 2. g3 c5 3. Bg2 d5 4. cxd5 Nxd5 5. Nc3 Nc7 6. d3 e5 7. Nf3 Nc6 8. Nd2
Be7 9. Nc4 f6 10. f4 exf4 11. Bxf4 O-O 12. Rc1 Be6 13. Ne3 Bf7 14. Nf5 Ne6 15.
O-O Re8 16. Kh1 Bf8 17. Ne4 Nxf4 18. Rxf4 Nd4 19. Nxd4 cxd4 20. Qa4 Re5 21. Rcf1
Be7 22. g4 Ra5 23. Qd1 Qd7 24. Qe1 Rb5 25. b3 Be6 26. Qg3 Bd6 27. Nxd6 Qxd6 28.
Re4 Rd8 29. Qxd6 Rxd6 30. Rc1 b6 31. b4 Re5 32. Rxe5 fxe5 33. g5 Kf7 34. Be4 h6
35. h4 Ke7 36. Kg2 Rd8 37. Rc7+ Rd7 38. Rc2 Rd8 39. Rc7+ Rd7 40. Rc2 Rd8 41.
Rc7+ 1/2-1/2

[Event "70th ch-RUS HL 2017"]
[Site "Sochi RUS"]
[Date "2017.07.06"]
[Round "5.4"]
[White "Zvjaginsev, Vadim"]
[Black "Shimanov, Aleksandr"]
[Result "1/2-1/2"]
[WhiteTitle "GM"]
[BlackTitle "GM"]
[WhiteElo "2649"]
[BlackElo "2623"]
[WhiteFideId "4113403"]
[BlackFideId "4198603"]
[EventDate "2017.07.02"]

1. e4 c6 2. d4 d5 3. Nc3 dxe4 4. Nxe4 Bf5 5. Nc5 b6 6. Nb3 e6 7. Nf3 Bd6 8. g3
Ne7 9. Bg2 h6 10. O-O O-O 11. Nbd2 Nd7 12. b3 Rc8 13. Bb2 Nd5 14. c4 N5f6 15.
Ne5 c5 16. Ndf3 Be4 17. Nxd7 Nxd7 18. dxc5 Bxc5 19. Qe2 Bc6 20. Ne5 Bxg2 21.
Kxg2 Nxe5 22. Qxe5 Qg5 23. Qe4 Qd2 24. Qe5 Qg5 25. Qe4 Qd2 26. Qe5 Qg5 1/2-1/2

[Event "70th ch-RUS HL 2017"]
[Site "Sochi RUS"]
[Date "2017.07.06"]
[Round "5.5"]
[White "Rozum, Ivan"]
[Black "Volkov, Sergey"]
[Result "0-1"]
[WhiteTitle "GM"]
[BlackTitle "GM"]
[WhiteElo "2573"]
[BlackElo "2627"]
[WhiteFideId "24104272"]
[BlackFideId "4122763"]
[EventDate "2017.07.02"]

1. d4 d5 2. c4 c6 3. Nf3 Nf6 4. Nc3 a6 5. e3 b5 6. b3 Bg4 7. Qc2 e6 8. Ne5 Bf5
9. Bd3 Bxd3 10. Nxd3 bxc4 11. bxc4 dxc4 12. Ne5 c5 13. O-O Nbd7 14. Nxd7 Qxd7
15. Na4 Rb8 16. Nxc5 Bxc5 17. dxc5 Qb5 18. c6 O-O 19. c7 Rbc8 20. Ba3 Rfe8 21.
Bd6 Qc6 22. Rfd1 Ne4 23. Be5 f6 24. Rd4 c3 25. Bf4 e5 26. Rxe4 Rxc7 27. Bg3 Rb8
28. f3 Rb2 29. Qc1 Qb5 30. Be1 c2 31. Kf2 Rb1 32. Rxb1 cxb1=Q 33. Qxc7 Qxa2+ 34.
Kg3 Qf7 35. Qc3 h5 36. h4 Qe2 37. Kh2 Qfa2 38. Qc8+ Kh7 39. Qf5+ Kh6 40. Qh3
Qxe1 41. Qc8 Qf7 42. Qh8+ Kg6 43. Rg4+ hxg4 44. fxg4 f5 45. Qh5+ Kf6 46. Qxf5+
Ke7 47. Qxe5+ Kd7 48. Qd4+ Kc8 0-1

[Event "70th ch-RUS HL 2017"]
[Site "Sochi RUS"]
[Date "2017.07.06"]
[Round "5.6"]
[White "Sjugirov, Sanan"]
[Black "Ponkratov, Pavel"]
[Result "1-0"]
[WhiteTitle "GM"]
[BlackTitle "GM"]
[WhiteElo "2649"]
[BlackElo "2603"]
[WhiteFideId "4189302"]
[BlackFideId "4157800"]
[EventDate "2017.07.02"]

1. d4 Nf6 2. c4 g6 3. Nc3 d5 4. cxd5 Nxd5 5. e4 Nxc3 6. bxc3 Bg7 7. Bc4 c5 8.
Ne2 Nc6 9. Be3 O-O 10. O-O Na5 11. Bb5 b6 12. Rc1 Bd7 13. Bd3 Rc8 14. Qd2 e5 15.
dxe5 Bxe5 16. f4 Bg7 17. f5 Re8 18. Bh6 Be5 19. Bf4 Bg7 20. Bh6 Be5 21. Bf4 Bg7
22. Ng3 Ba4 23. Qe3 Qe7 24. e5 c4 25. Be4 Bxe5 26. Bxe5 Qxe5 27. Qh6 Qg7 28. Qh4
g5 29. Qg4 f6 30. Bd5+ Kh8 31. Nh5 Qh6 32. Rce1 Rcd8 33. Re6 Rf8 34. Bf3 Be8 35.
Ng3 Qh4 36. Qxh4 gxh4 37. Ne4 Bd7 38. Rxf6 Rxf6 39. Nxf6 Bxf5 40. Re1 Kg7 41.
Nd5 Rd7 42. Kf2 Kf7 43. Ke3 Kg7 44. Kf4 Rf7 45. Kg5 h3 46. g3 Nb7 47. Nf4 Nd6
48. Bd5 h6+ 49. Kh4 Rc7 50. g4 Bc8 51. Kxh3 b5 52. Kh4 a5 53. a3 Rc5 54. Rf1 b4
55. axb4 axb4 56. cxb4 Rb5 57. Nh5+ Kh7 58. Re1 Kh8 59. Nf4 Kg7 60. Bc6 Rg5 61.
h3 Kf8 62. Re3 Rg7 63. Ne6+ Bxe6 64. Rxe6 c3 65. Rxd6 c2 66. Rd8+ Ke7 67. Re8+
Kd6 68. Re1 1-0

[Event "70th ch-RUS HL 2017"]
[Site "Sochi RUS"]
[Date "2017.07.06"]
[Round "5.7"]
[White "Motylev, Alexander"]
[Black "Oparin, Grigoriy"]
[Result "1/2-1/2"]
[WhiteTitle "GM"]
[BlackTitle "GM"]
[WhiteElo "2680"]
[BlackElo "2605"]
[WhiteFideId "4121830"]
[BlackFideId "24125890"]
[EventDate "2017.07.02"]

1. e4 c5 2. Nf3 d6 3. d4 cxd4 4. Nxd4 Nf6 5. Nc3 a6 6. Bd3 Nc6 7. Nxc6 bxc6 8.
b3 e5 9. O-O Be7 10. Na4 O-O 11. Bb2 Be6 12. c4 Nd7 13. Rc1 c5 14. Be2 Nb8 15.
Bg4 Nc6 16. Bxe6 fxe6 17. Qg4 Rf6 18. Rcd1 Rg6 19. Qe2 Qc7 20. Bc3 Rf8 21. Nb2
a5 22. g3 Rh6 23. Nd3 Bf6 24. Kg2 Qb7 25. f3 Rg6 26. Rf2 Bg5 27. Rdf1 h5 28. f4
exf4 29. Qxh5 Ne7 30. Nxf4 Qxe4+ 31. Qf3 Qxf3+ 32. Rxf3 Bxf4 33. Rxf4 Rxf4 34.
Rxf4 Nc6 35. h4 d5 36. cxd5 exd5 37. Rf5 Ne7 38. Re5 Kf7 39. h5 Rc6 40. Rg5 d4
41. Bxa5 Kf6 42. Rg4 Ra6 43. Bd8 Rxa2+ 44. Kf3 Ra7 45. Bb6 Rb7 46. Bxc5 Rxb3+
47. Kf4 Nd5+ 48. Ke4 Nc3+ 49. Kd3 Na4+ 50. Kxd4 Nxc5 51. Rg6+ Kf7 52. Kxc5 1/2-1/2

[Event "70th ch-RUS HL 2017"]
[Site "Sochi RUS"]
[Date "2017.07.06"]
[Round "5.8"]
[White "Antipov, Mikhail Al."]
[Black "Rakhmanov, Aleksandr"]
[Result "1/2-1/2"]
[WhiteTitle "GM"]
[BlackTitle "GM"]
[WhiteElo "2580"]
[BlackElo "2670"]
[WhiteFideId "4107012"]
[BlackFideId "4173708"]
[EventDate "2017.07.02"]

1. e4 d5 2. exd5 Qxd5 3. Nc3 Qd6 4. d4 Nf6 5. Nf3 g6 6. Nb5 Qb6 7. Na3 Be6 8. c3
c6 9. Nc4 Qc7 10. Ng5 Bd5 11. Ne3 h6 12. Nxd5 Nxd5 13. Nf3 Bg7 14. g3 Nd7 15.
Bg2 O-O 16. O-O e6 17. Bd2 a5 18. Qc1 Kh7 19. Qc2 Rfe8 20. h4 h5 21. Rad1 Kg8
22. Rfe1 b5 23. Bc1 Rad8 24. Rd2 b4 25. c4 Ne7 26. b3 Nf5 27. Bb2 c5 28. d5 Bxb2
29. Qxb2 e5 30. d6 Nxd6 31. Nxe5 Nf5 32. Nf3 Rxe1+ 33. Nxe1 Nf6 34. Nf3 Rxd2 35.
Qxd2 Qe7 36. Bh3 Nd6 37. Qf4 Nde4 38. Ne5 Qd6 39. Bg2 Nc3 40. Qe3 Kg7 41. Qh6+
Kxh6 42. Nxf7+ Kg7 43. Nxd6 Nxa2 44. Nb7 a4 45. Nxc5 a3 46. Nd3 Nd7 47. c5 Nxc5
48. Nxc5 Nc1 49. Ne6+ Kf6 50. Nd4 Ne2+ 51. Nxe2 a2 52. Bd5 a1=Q+ 53. Kg2 g5 54.
hxg5+ Kxg5 55. Bc4 h4 56. gxh4+ Kxh4 57. Nf4 Kg5 58. Nd3 Qa8+ 59. Kf1 Qh1+ 60.
Ke2 Qe4+ 61. Kd2 Qe7 62. Ne1 Kg4 63. Nc2 Kf3 64. Kc1 Kxf2 65. Kb2 Qe5+ 66. Kb1
Qc3 67. Kc1 Kf3 68. Kb1 Ke4 69. Kc1 Ke5 70. Kb1 Kd6 71. Kc1 Kc5 72. Kb1 Qd2 73.
Kb2 Qd1 74. Bg8 Qg1 75. Bc4 Qh1 76. Be6 Qh8+ 77. Kb1 Qc3 78. Bc4 Kd6 79. Kc1 Ke5
80. Kb1 Ke4 81. Kc1 Kf3 82. Kb1 Kf2 83. Kc1 Qe5 84. Kb1 Qg7 85. Kc1 Kf3 86. Kb1
Ke4 87. Kc1 Qg3 88. Kb1 Ke5 89. Kc1 Qg1+ 90. Kb2 Ke4 91. Ba6 Qg7+ 92. Kb1 1/2-1/2

[Event "70th ch-RUS HL 2017"]
[Site "Sochi RUS"]
[Date "2017.07.06"]
[Round "5.9"]
[White "Khismatullin, Denis"]
[Black "Moiseenko, Vadim"]
[Result "0-1"]
[WhiteTitle "GM"]
[BlackTitle "IM"]
[WhiteElo "2639"]
[BlackElo "2548"]
[WhiteFideId "4142578"]
[BlackFideId "4123700"]
[EventDate "2017.07.02"]

1. Nf3 Nf6 2. c4 b6 3. g3 Bb7 4. Bg2 e6 5. O-O d5 6. cxd5 exd5 7. Nc3 Be7 8. Ne5
O-O 9. d4 Na6 10. Bf4 Qe8 11. Qb3 c5 12. Nxd5 Bxd5 13. Bxd5 Nxd5 14. Qxd5 Rd8
15. Qb7 Nb4 16. dxc5 Bxc5 17. Rad1 Rxd1 18. Rxd1 g5 19. Qf3 gxf4 20. Nd7 Qe6 21.
Nxf8 Bxf8 22. Qxf4 h6 23. a3 Qxe2 24. Rd7 Qe1+ 25. Kg2 Qe6 26. Rxa7 Nd3 27. Qd4
Ne1+ 28. Kf1 Nf3 29. Qd7 Qc4+ 30. Kg2 Ne5 31. Qf5 Qd5+ 32. Kh3 Qb5 33. Kg2 Qxb2
34. a4 Kg7 35. Rc7 Bd6 36. Rc2 Qd4 37. Re2 Qd5+ 38. Re4 Qc6 39. Kh3 Ng6 40. Rd4
Bc5 41. Rd7 Be7 42. Rd4 Qh1 43. Qd3 Ne5 44. Qd1 Qc6 45. Rd5 f6 46. Rd4 Bc5 47.
Rf4 Nf7 48. f3 Ng5+ 49. Kg2 Qe6 50. Rh4 Qe3 51. Rc4 h5 52. Rc2 h4 53. gxh4 Ne6
54. Qd7+ Kf8 55. Qd1 Nf4+ 56. Kh1 Nd3 57. Qf1 Qd4 58. h5 Nf2+ 59. Kg2 Nd1 0-1

[Event "70th ch-RUS HL 2017"]
[Site "Sochi RUS"]
[Date "2017.07.06"]
[Round "5.10"]
[White "Kobalia, Mikhail"]
[Black "Triapishko, Alexandr"]
[Result "1/2-1/2"]
[WhiteTitle "GM"]
[BlackTitle "IM"]
[WhiteElo "2613"]
[BlackElo "2506"]
[WhiteFideId "4119150"]
[BlackFideId "14122286"]
[EventDate "2017.07.02"]

1. e4 e5 2. Nf3 Nc6 3. Bb5 a6 4. Ba4 d6 5. O-O Bd7 6. d4 Nf6 7. Bxc6 Bxc6 8. Re1
Be7 9. Nc3 exd4 10. Nxd4 Nd7 11. Nf5 Bf6 12. Nd5 O-O 13. Nxf6+ Qxf6 14. f3 Rfe8
15. Be3 Qg6 16. Bd4 f6 17. c4 a5 18. Rc1 b6 19. b3 Kh8 20. Ba1 Nc5 21. Qc2 Bd7
22. Ne3 Be6 23. Re2 Re7 24. Rce1 Rae8 25. Bd4 Qg5 26. Bb2 h6 27. Bc3 Nd7 28. Rf2
f5 29. f4 Qh5 30. e5 dxe5 31. fxe5 f4 32. Rxf4 Nxe5 33. Ref1 Ng6 34. Re4 Qc5 35.
Bd4 Qc6 36. Ng4 Bxg4 37. Rxg4 Re4 38. Qd2 Kh7 39. Rxe4 Qxe4 40. Bc3 Rf8 41. Re1
Qf5 42. Qd4 Rf7 43. h3 Qc2 44. Qd2 Qf5 45. Qd4 Qc2 46. Qd2 Qf5 47. Qd4 Qc2 1/2-1/2

[Event "70th ch-RUS HL 2017"]
[Site "Sochi RUS"]
[Date "2017.07.06"]
[Round "5.11"]
[White "Alekseev, Evgeny"]
[Black "Potkin, Vladimir"]
[Result "1-0"]
[WhiteTitle "GM"]
[BlackTitle "GM"]
[WhiteElo "2607"]
[BlackElo "2576"]
[WhiteFideId "4138147"]
[BlackFideId "4131061"]
[EventDate "2017.07.02"]

1. e4 c5 2. Nf3 e6 3. d4 cxd4 4. Nxd4 Nc6 5. Nc3 Qc7 6. Be3 a6 7. Qf3 d6 8.
O-O-O Bd7 9. Qg3 b5 10. Bxb5 Nf6 11. Bxc6 Bxc6 12. Nxc6 Qxc6 13. f3 Be7 14. Qxg7
Rg8 15. Qh6 Rg6 16. Qh3 Rb8 17. Bd4 Bf8 18. Rd3 Bh6+ 19. Kb1 Nd7 20. g3 Nc5 21.
Rdd1 a5 22. f4 Qb7 23. b3 a4 24. Bxc5 dxc5 25. Nxa4 Qxe4 26. Nxc5 Qc6 27. f5
Qxc5 28. fxg6 Bg7 29. Qxh7 Kf8 30. Rd7 1-0

[Event "70th ch-RUS HL 2017"]
[Site "Sochi RUS"]
[Date "2017.07.06"]
[Round "5.12"]
[White "Artemiev, Vladislav"]
[Black "Pogonina, Natalija"]
[Result "1-0"]
[WhiteTitle "GM"]
[BlackTitle "WGM"]
[WhiteElo "2695"]
[BlackElo "2469"]
[WhiteFideId "24101605"]
[BlackFideId "4147855"]
[EventDate "2017.07.02"]

1. d4 Nf6 2. Bg5 d5 3. Nd2 Nbd7 4. Ngf3 g6 5. e3 Bg7 6. Be2 c5 7. c3 O-O 8. O-O
b6 9. a4 a5 10. Re1 Bb7 11. Bb5 Qc7 12. Qb3 Bc6 13. Rad1 Rfe8 14. Bxc6 Qxc6 15.
e4 e6 16. e5 Ng4 17. h3 Nh6 18. Nb1 c4 19. Qc2 b5 20. g4 Kh8 21. axb5 Qxb5 22.
Bc1 Qc6 23. Nbd2 Ng8 24. Nf1 a4 25. Ng3 Bf8 26. h4 a3 27. bxa3 Bxa3 28. h5 Bxc1
29. Qxc1 Ra2 30. Kg2 Qa4 31. Rh1 Qc2 32. Qe3 Nf8 33. Rd2 Qb3 34. Ng5 Ra7 35. Qf4
Qb7 36. Ra2 Rxa2 37. Nxf7+ Kg7 38. h6+ Nxh6 39. Qf6+ 1-0

[Event "70th ch-RUS HL 2017"]
[Site "Sochi RUS"]
[Date "2017.07.06"]
[Round "5.13"]
[White "Sarana, Alexey"]
[Black "Kokarev, Dmitry"]
[Result "1/2-1/2"]
[WhiteTitle "GM"]
[BlackTitle "GM"]
[WhiteElo "2510"]
[BlackElo "2620"]
[WhiteFideId "24133795"]
[BlackFideId "4132181"]
[EventDate "2017.07.02"]

1. e4 c5 2. Nf3 d6 3. d4 cxd4 4. Nxd4 Nf6 5. Nc3 a6 6. Be3 e5 7. Nb3 Be6 8. f3
Nbd7 9. g4 Nb6 10. g5 Nh5 11. Qd2 Be7 12. O-O-O O-O 13. Kb1 Rc8 14. Rg1 g6 15.
h4 Qc7 16. Qf2 Bd8 17. Rg2 Nc4 18. Bxc4 Bxc4 19. Qd2 Be7 20. Nd5 Bxd5 21. Qxd5
b5 22. Nc1 Qc6 23. Qxc6 Rxc6 24. Nd3 a5 25. Ne1 f5 26. exf5 gxf5 27. Rd5 Rb8 28.
Nd3 Rc4 29. f4 Kf7 30. g6+ hxg6 31. fxe5 Ke6 32. Rxd6+ Bxd6 33. Rxg6+ Kf7 34.
Rxd6 Rxh4 35. b3 Re4 36. Bd2 a4 37. Rh6 Ng7 38. Bb4 Re8 39. Rf6+ Kg8 40. Kb2
axb3 1/2-1/2

[Event "70th ch-RUS HL 2017"]
[Site "Sochi RUS"]
[Date "2017.07.06"]
[Round "5.14"]
[White "Bocharov, Dmitry"]
[Black "Oganian, Miran"]
[Result "1/2-1/2"]
[WhiteTitle "GM"]
[BlackTitle "IM"]
[WhiteElo "2576"]
[BlackElo "2462"]
[WhiteFideId "4138716"]
[BlackFideId "4122488"]
[EventDate "2017.07.02"]

1. c4 Nf6 2. g3 e6 3. Bg2 d5 4. Nf3 Be7 5. O-O O-O 6. b3 c5 7. e3 Nc6 8. Qe2 b6
9. Bb2 Ba6 10. Nc3 Rc8 11. Rac1 Qd7 12. d3 Rfd8 13. Rfd1 d4 14. exd4 Nxd4 15.
Nxd4 cxd4 16. Nb1 Bb7 17. Bxb7 Qxb7 18. Nd2 Ne8 19. Nf3 Bc5 20. a3 a5 21. Rb1
Qc7 22. Bc1 Qe7 23. Qb2 Qb7 24. Qe2 Qe7 25. Qb2 Qb7 26. Ne1 e5 27. Qe2 f6 28. b4
axb4 29. axb4 Bf8 30. f4 e4 31. dxe4 Qf7 32. Nd3 Rxc4 33. Bd2 Nc7 34. Rbc1 Nb5
35. Re1 Nc3 36. Qf1 Rcc8 37. e5 fxe5 38. fxe5 Qxf1+ 39. Kxf1 Rc4 40. b5 Rcc8 41.
e6 Bd6 42. Kg2 Re8 43. Bf4 Bxf4 44. gxf4 Nxb5 45. Rxc8 Rxc8 46. Rb1 Nc3 47. Rxb6
g6 48. Rb7 Nd5 49. Kf3 Nf6 50. f5 Rc3 51. Ke2 gxf5 52. Rf7 Ne8 53. Rxf5 Ng7 54.
Rg5 h6 55. Rg4 Kh7 56. e7 Ne8 57. Rf4 Kg7 58. Rf8 Rc2+ 59. Kf3 Rxh2 60. Ne5 Nd6
61. Rf7+ Kg8 62. Rf6 Rf2+ 63. Kxf2 Ne4+ 64. Ke2 Nxf6 65. Kd3 Kg7 66. Kxd4 Ne8
67. Ke4 1/2-1/2

[Event "70th ch-RUS HL 2017"]
[Site "Sochi RUS"]
[Date "2017.07.06"]
[Round "5.15"]
[White "Tsydypov, Zhamsaran"]
[Black "Duzhakov, Ilya"]
[Result "0-1"]
[WhiteTitle "IM"]
[BlackTitle "FM"]
[WhiteElo "2528"]
[BlackElo "2421"]
[WhiteFideId "4108566"]
[BlackFideId "4192516"]
[EventDate "2017.07.02"]

1. Nf3 c5 2. c4 Nf6 3. Nc3 e6 4. g3 b6 5. Bg2 Bb7 6. O-O Be7 7. d4 cxd4 8. Qxd4
O-O 9. Rd1 d6 10. b3 Nbd7 11. e4 a6 12. Bb2 Re8 13. Qe3 Qc7 14. Rac1 Rac8 15.
Ne1 Qb8 16. Nd3 Ba8 17. h3 b5 18. cxb5 axb5 19. Ba3 Bf8 20. Qe2 d5 21. Bxf8 dxe4
22. Nc5 Nxc5 23. Bd6 Qb6 24. Qe3 b4 25. Ne2 Nfd7 26. Nf4 f5 27. Nh5 Kh8 28. Qg5
Rg8 29. Be7 Bd5 30. Nf4 Rge8 31. Nh5 Rg8 32. g4 h6 33. Qg6 Ne5 34. Rxd5 Nxg6 0-1

[Event "70th ch-RUS HL 2017"]
[Site "Sochi RUS"]
[Date "2017.07.06"]
[Round "5.16"]
[White "Esipenko, Andrey"]
[Black "Yandemirov, Valeri"]
[Result "1-0"]
[WhiteTitle "FM"]
[BlackTitle "GM"]
[WhiteElo "2523"]
[BlackElo "2385"]
[WhiteFideId "24175439"]
[BlackFideId "4102622"]
[EventDate "2017.07.02"]

1. d4 Nf6 2. c4 g6 3. f3 d5 4. cxd5 Nxd5 5. e4 Nb6 6. Nc3 Bg7 7. Be3 O-O 8. Qd2
f5 9. O-O-O Nc6 10. e5 a5 11. Nh3 Nb4 12. Kb1 c6 13. Rc1 Be6 14. Nf4 Qd7 15. h4
N4d5 16. h5 Nxf4 17. Bxf4 Rfd8 18. hxg6 hxg6 19. Bh6 Qxd4 20. Qg5 Qxe5 21. Bxg7
Kxg7 22. Qxe7+ Kg8 23. Qh7+ Kf8 24. Qxg6 Bf7 25. Qh6+ Qg7 26. Qf4 Kg8 27. Rh4 c5
28. Ka1 Rd4 29. Qh2 Rxh4 30. Qxh4 Re8 31. Bb5 Re6 32. Rd1 Rh6 33. Qd8+ Kh7 34.
g4 fxg4 35. Ne4 Bd5 36. Ng5+ Kg6 37. Bd3+ 1-0

[Event "70th ch-RUS HL 2017"]
[Site "Sochi RUS"]
[Date "2017.07.06"]
[Round "5.17"]
[White "Gaifullin, Artur"]
[Black "Belozerov, Andrei"]
[Result "0-1"]
[WhiteTitle "FM"]
[BlackTitle "GM"]
[WhiteElo "2405"]
[BlackElo "2512"]
[WhiteFideId "24168653"]
[BlackFideId "4120213"]
[EventDate "2017.07.02"]

1. d4 Nf6 2. c4 g6 3. Nc3 Bg7 4. e4 d6 5. Nf3 O-O 6. Be2 e5 7. Be3 Ng4 8. Bg5 f6
9. Bh4 Nc6 10. d5 Ne7 11. Nd2 f5 12. Bxg4 fxg4 13. O-O h6 14. Bxe7 Qxe7 15. b4
h5 16. Qe2 Bh6 17. Rac1 Bd7 18. Rc2 Rf7 19. Nb5 Raf8 20. Nb3 g3 21. hxg3 a6 22.
Nc3 h4 23. Nd2 Bxd2 24. Qxd2 hxg3 25. Qh6 Qf6 26. Nd1 Rh7 27. Qxf8+ Kxf8 28. Re1
Qh8 29. fxg3 Rh1+ 30. Kf2 Qf6+ 0-1

[Event "70th ch-RUS HL 2017"]
[Site "Sochi RUS"]
[Date "2017.07.06"]
[Round "5.18"]
[White "Sek, Konstantin"]
[Black "Vavulin, Maksim"]
[Result "1-0"]
[BlackTitle "IM"]
[WhiteElo "2465"]
[BlackElo "2595"]
[WhiteFideId "24104302"]
[BlackFideId "4169530"]
[EventDate "2017.07.02"]

1. e4 g6 2. d4 Bg7 3. Nc3 a6 4. a4 d6 5. g3 Nc6 6. Be3 e5 7. dxe5 Nxe5 8. f4 Bg4
9. Be2 Bxe2 10. Ngxe2 Nc6 11. Nd4 Na5 12. Qd3 Nf6 13. O-O-O O-O 14. Kb1 Ng4 15.
Bg1 Re8 16. h3 Nf6 17. Bf2 Nc6 18. Rhe1 Nb4 19. Qc4 c5 20. Nb3 Qc7 21. g4 Nd7
22. e5 dxe5 23. Nxc5 Nxc5 24. Bxc5 Rac8 25. Qxb4 Qxc5 26. Qxc5 Rxc5 27. Rd7 Rb8
28. f5 Rc4 29. Nd5 Rxa4 30. f6 Bf8 31. b3 Rd4 32. Rxe5 Rd1+ 33. Ka2 Rh1 34. Ne7+
Kh8 35. Rc7 Rf1 36. g5 Rd1 37. c4 Rd2+ 38. Kb1 Rd3 39. Kc2 Rdd8 40. Rd5 b6 41.
Nc6 Rxd5 42. cxd5 Re8 43. Ne7 Rd8 44. d6 h6 45. d7 1-0